Vật liệu xây dựng /

Gespeichert in:
Bibliographische Detailangaben
1. Verfasser: A Pikitap
Format: Buch
Sprache:Vietnamese
Veröffentlicht: Moscow : Maxcơva , 1972
Schlagworte:
Tags: Tag hinzufügen
Keine Tags, Fügen Sie den ersten Tag hinzu!
Thư viện lưu trữ: Thư viện Trường CĐ Kỹ Thuật Cao Thắng
LEADER 00550nam a2200181 a 4500
001 TVCDKTCT950
003 Thư viện trường Cao đẳng Kỹ thuật Cao Thắng
005 20050804000000
008 050804
980 \ \ |a Thư viện Trường CĐ Kỹ Thuật Cao Thắng 
024 |a RG_1 #1 eb0 i1 
041 0 # |a vie 
082 # # |a 624 /   |b P200T-e 
100 1 # |a A Pikitap 
245 0 0 |a Vật liệu xây dựng /  |c A Pikitap 
260 # # |a Moscow :  |b Maxcơva ,  |c 1972 
300 # # |a 301tr. ;  |c 24cm 
650 # 4 |a Vật liệu xây dựng